[Event "DVM U12w 2022"]
[Site "Berlin GER"]
[Date "2022.12.29"]
[Round "6"]
[White "Peglau, Lorena"]
[Black "Schwarzfischer, Julia"]
[Result "0-1"]
[Termination "normal"]
[Board "6.2"]
[WhiteElo "1233"]
[BlackElo "1272"]
[WhiteTeam "Schachgemeinschaft Leipzig"]
[BlackTeam "Schachfreunde Roding"]
[PlyCount "64"]
[WhiteFideId "16290542"]
[BlackFideId "16268105"]
[EventCountry "GER"]
[EventRounds "7"]
[EventType "team-swiss"]
[EventDate "2022.12.26"]

1. d4 d5 2. Nf3 Nf6 3. Bf4 e6 4. e3 c5 5. Nbd2 Nc6 6. Bb5 Bd7 7. O-O a6 8. Bxc6
Bxc6 9. a4 Be7 10. Ne5 Bd7 11. c3 O-O 12. b3 h6 13. Ndf3 Ne4 14. Qd3 Rc8 15.
Rfc1 Be8 16. c4 f6 17. cxd5 fxe5 18. Bxe5 exd5 19. dxc5 Nxc5 20. Qd1 Bh5 21. b4
Bxf3 22. gxf3 Ne6 23. Rxc8 Qxc8 24. Qxd5 Bxb4 25. Rb1 Rd8 26. Qb3 a5 27. f4 Kh7
28. f5 Ng5 29. f6 Qg4 30. Kh1 Qf3 31. Kg1 Nh3 32. Kf1 Qxf2# 0-1

[Event "DVM U12w 2022"]
[Site "Berlin GER"]
[Date "2022.12.29"]
[Round "6"]
[White "Schwarzfischer, Ramona"]
[Black "Bacakova, Klara"]
[Result "0-1"]
[Termination "normal"]
[Board "6.3"]
[WhiteElo "796"]
[BlackElo "1205"]
[WhiteTeam "Schachfreunde Roding"]
[BlackTeam "Schachgemeinschaft Leipzig"]
[PlyCount "40"]
[WhiteFideId "16268113"]
[BlackFideId "34605762"]
[EventCountry "GER"]
[EventRounds "7"]
[EventType "team-swiss"]
[EventDate "2022.12.26"]

{[%evp 0,40,31,25,48,13,15,-29,30,8,6,6,6,-10,11,-76,-93,-206,-78,-88,-74,-74,
-77,-88,-95,-113,-10,-66,-38,-66,-66,-60,-41,-63,30,-410,-398,-435,-369,-490,
-492,-486,-499]} 1. e4 c5 2. c3 d5 3. exd5 Nf6 4. Nf3 Nxd5 5. d4 cxd4 6. Nxd4
e5 7. Ne2 Nc6 8. c4 Nb6 9. Qxd8 Nxd8 10. Ng3 Nc6 11. Be3 Bb4 12. Nc3 Nd4 13.
Bd3 Na4 14. O-O Nxb2 15. Nd5 Bd6 16. c5 Bb8 17. Bc4 Nxc4 18. Rfc1 Nxe3 19. Nxe3
O-O 20. Nd5 Re8 {nicht weiter nachvollziehbar} 0-1

[Event "DVM U12w 2022"]
[Site "Berlin GER"]
[Date "2022.12.29"]
[Round "6"]
[White "Türel, Tugce"]
[Black "Le, Thao-Linh"]
[Result "0-1"]
[Termination "normal"]
[Board "7.1"]
[WhiteElo "1318"]
[BlackElo "1182"]
[WhiteTeam "Schachfreunde München e.V."]
[BlackTeam "TSG Oberschöneweide e.V."]
[PlyCount "78"]
[WhiteFideId "26350602"]
[BlackFideId "16279131"]
[EventCountry "GER"]
[EventRounds "7"]
[EventType "team-swiss"]
[EventDate "2022.12.26"]

1. e4 e5 2. Bc4 Nc6 3. Nf3 Bc5 4. c3 Nf6 5. d3 d6 6. a4 a5 7. Be3 Be6 8. Bb3
O-O 9. O-O Qd7 10. Re1 Rad8 11. d4 exd4 12. cxd4 Bb4 13. d5 Bxe1 14. dxe6 Bxf2
15. Bxf2 fxe6 16. Nc3 Kh8 17. Qd3 Ng4 18. Bh4 Nb4 19. Qd1 Rde8 20. Ng5 h6 21.
Nxe6 Rxe6 22. Qxg4 d5 23. exd5 Rd6 24. Qe2 Re8 25. Qc4 c6 26. dxc6 Nxc6 27. Bg3
Rd4 28. Qf1 Qe7 29. Re1 Qd8 30. Rb1 Qb6 31. Bf2 Rf8 32. Qe1 Qxb3 33. Bxd4 Nxd4
34. h3 Qb6 35. Kh1 Nf5 36. Nd5 Qd6 37. Rd1 Ng3 38. Kh2 Nf1 39. Kh1 Qh2# 0-1

[Event "DVM U12w 2022"]
[Site "Berlin GER"]
[Date "2022.12.29"]
[Round "6"]
[White "Weng, Yueyi Elina"]
[Black "Mandzuk, Varvara"]
[Result "1-0"]
[Termination "normal"]
[Board "7.2"]
[WhiteElo "924"]
[BlackElo "1075"]
[WhiteTeam "TSG Oberschöneweide e.V."]
[BlackTeam "Schachfreunde München e.V."]
[PlyCount "101"]
[WhiteFideId "34639896"]
[BlackFideId "34638016"]
[EventCountry "GER"]
[EventRounds "7"]
[EventType "team-swiss"]
[EventDate "2022.12.26"]

1. e4 e5 2. d4 Nc6 3. d5 Nd4 4. c3 Nf6 5. cxd4 Nxe4 6. dxe5 d6 7. Bb5 c6 8.
dxc6 bxc6 9. Bxc6 Bd7 10. Bxe4 Rc8 11. exd6 Bxd6 12. Nc3 Bb4 13. Bd2 Qa5 14.
Nf3 O-O 15. O-O Be6 16. Qa4 Bxc3 17. Qxa5 Bxa5 18. Bxa5 Rc5 19. Bb4 Rcc8 20.
Bxf8 Rxf8 21. Ng5 Bc4 22. Rfd1 h6 23. Nf3 Re8 24. Re1 Kf8 25. b3 Be6 26. Rac1
a5 27. Rc2 Rd8 28. Rd2 Re8 29. Red1 Ke7 30. Nd4 Bd7 31. Nf5 Bxf5 32. Bxf5 Kf6
33. Bc2 Re6 34. Rd6 Rxd6 35. Rxd6 Ke5 36. Ra6 Kd4 37. Rxa5 g5 38. h4 gxh4 39.
Ra4 Ke5 40. Rxh4 f5 41. Rxh6 f4 42. b4 Kd4 43. b5 Kc5 44. b6 Kb5 45. b7 Ka5 46.
b8=Q f3 47. Qf4 fxg2 48. Rh5 Ka6 49. Qf6 Ka7 50. Rh7 Ka8 51. Qf8# 1-0

[Event "DVM U12w 2022"]
[Site "Berlin GER"]
[Date "2022.12.29"]
[Round "6"]
[White "Lola, Georgia-Maria"]
[Black "Neurohr, Katharina"]
[Result "1/2-1/2"]
[Termination "normal"]
[Board "7.3"]
[WhiteElo "1001"]
[BlackElo "941"]
[WhiteTeam "Schachfreunde München e.V."]
[BlackTeam "TSG Oberschöneweide e.V."]
[PlyCount "104"]
[WhiteFideId "34629335"]
[BlackFideId "34639810"]
[EventCountry "GER"]
[EventRounds "7"]
[EventType "team-swiss"]
[EventDate "2022.12.26"]

1. e4 e5 2. Nf3 Nc6 3. Nc3 Nf6 4. Bb5 Bb4 5. O-O O-O 6. Re1 d6 7. h3 Be6 8. Ne2
Ne7 9. c3 Bc5 10. Ng3 c6 11. Be2 Ng6 12. d3 h6 13. d4 Bb6 14. b3 a5 15. c4 Qc7
16. d5 Bd7 17. Ba3 c5 18. Bc1 Nf4 19. Bf1 Rfe8 20. Be3 Rad8 21. Nh4 Ng6 22.
Nhf5 Bxf5 23. Nxf5 Ne7 24. Nxe7 Rxe7 25. Bd3 Qd7 26. a4 Ba7 27. Bd2 b6 28. Rb1
Rb8 29. Re3 Ree8 30. Rg3 Kf8 31. Qf3 Ke7 32. Rxg7 Rg8 33. Bxh6 Rbe8 34. Rxg8
Rxg8 35. h4 Qg4 36. Qxg4 Nxg4 37. Bg5 f6 38. Be2 fxg5 39. Bxg4 gxh4 40. Be6 Rg7
41. Kh2 Rg6 42. Bf5 Rg5 43. Rg1 Kf6 44. g3 hxg3 45. Rxg3 Rxg3 46. fxg3 Kg5 47.
Kh3 Bb8 48. g4 Bc7 49. Kg3 Bd8 50. Kf3 Be7 51. Ke3 Bd8 52. Bd7 Kg6 1/2-1/2

[Event "DVM U12w 2022"]
[Site "Berlin GER"]
[Date "2022.12.29"]
[Round "6"]
[White "Mersmann, Jasmin"]
[Black "Hofmeier, Viktoria"]
[Result "1-0"]
[Termination "normal"]
[Board "8.1"]
[WhiteElo "1187"]
[BlackElo "988"]
[WhiteTeam "Karlsruher SF 1853"]
[BlackTeam "SC Garching 1980 e.V. 2"]
[PlyCount "145"]
[WhiteFideId "34630287"]
[BlackFideId "34639675"]
[EventCountry "GER"]
[EventRounds "7"]
[EventType "team-swiss"]
[EventDate "2022.12.26"]

1. e4 e5 2. Nf3 Nc6 3. Bc4 Nf6 4. c3 d5 5. Bb5 Bg4 6. d3 dxe4 7. dxe4 Qxd1 8.
Kxd1 Nxe4 9. Be3 Bd6 10. Nbd2 Nxd2 11. Kxd2 O-O 12. Rae1 e4 13. Nd4 Nxd4 14.
Bxd4 f5 15. Kc1 c6 16. Bc4 Kh8 17. Kb1 b5 18. h3 bxc4 19. hxg4 fxg4 20. Rxe4 c5
21. Be3 Rab8 22. Re6 Rbd8 23. Rd1 Rf6 24. Re4 Rc8 25. Rxc4 h5 26. Rh1 Rf5 27.
Rxg4 Kg8 28. Rg6 Bf4 29. Re6 Bxe3 30. fxe3 Kf7 31. Re4 g6 32. Rf4 Rxf4 33. exf4
Kf6 34. g3 Rd8 35. Re1 Rd7 36. Kc2 c4 37. Re3 Kf5 38. b3 cxb3 39. axb3 Kg4 40.
c4 h4 41. gxh4 Kxf4 42. Rh3 Kg4 43. Rh1 Rh7 44. Rg1 Kh5 45. Rg5 Kh6 46. Ra5 Rf7
47. Kd2 Rf4 48. Rxa7 Rxh4 49. c5 Rb4 50. c6 Rb8 51. c7 Rc8 52. Rb7 Kg7 53. b4
Kf7 54. b5 Ke7 55. b6 Kd7 56. Rb8 g5 57. Ke3 g4 58. Kf2 Rxc7 59. bxc7 Kxc7 60.
Rg8 Kd6 61. Rxg4 Kc5 62. Kf3 Kd5 63. Re4 Kd6 64. Kf4 Kc6 65. Re5 Kb6 66. Ke4
Kb7 67. Kd4 Kc7 68. Kc5 Kb7 69. Re6 Kc8 70. Kc6 Kb8 71. Re7 Ka8 72. Kb6 Kb8 73.
Re8# 1-0

[Event "DVM U12w 2022"]
[Site "Berlin GER"]
[Date "2022.12.29"]
[Round "6"]
[White "Piffczyk, Sandra"]
[Black "Xiao, Karoline"]
[Result "1/2-1/2"]
[Termination "normal"]
[Board "8.2"]
[WhiteElo "965"]
[BlackElo "990"]
[WhiteTeam "SC Garching 1980 e.V. 2"]
[BlackTeam "Karlsruher SF 1853"]
[PlyCount "50"]
[WhiteFideId "34630309"]
[BlackFideId "16282230"]
[EventCountry "GER"]
[EventRounds "7"]
[EventType "team-swiss"]
[EventDate "2022.12.26"]

{[%evp 0,50,19,39,67,59,68,52,52,51,73,62,51,34,38,34,96,24,34,-48,-67,-53,-40,
-73,-72,-163,-38,-83,-8,-30,-24,-27,-27,-27,-27,-35,-34,-41,-22,-19,79,74,208,
199,212,212,254,255,523,522,562,477,652]} 1. e4 c6 2. d4 d5 3. exd5 cxd5 4. Nf3
Bf5 5. Nc3 Nf6 6. Bg5 e6 7. Bb5 Nc6 8. O-O a6 9. Ba4 b5 10. Bb3 Be7 11. Qe2 O-O
12. Ne5 Nxe5 13. Qxe5 Ng4 14. Bxe7 Qxe7 15. Qg3 Qf6 16. Rad1 Qg6 17. Rd2 Nf6
18. Qxg6 hxg6 19. Re1 Ne4 20. Nxe4 Bxe4 21. f3 Bf5 22. g4 Bxg4 23. fxg4 f5 24.
Rxe6 fxg4 25. Kh1 Rf4 1/2-1/2

[Event "DVM U12w 2022"]
[Site "Berlin GER"]
[Date "2022.12.29"]
[Round "6"]
[White "Khachaturyan, Viktoria"]
[Black "Werner, Amelie"]
[Result "0-1"]
[Termination "normal"]
[Board "8.3"]
[WhiteElo "874"]
[BlackElo "872"]
[WhiteTeam "Karlsruher SF 1853"]
[BlackTeam "SC Garching 1980 e.V. 2"]
[PlyCount "98"]
[WhiteFideId "16258150"]
[BlackFideId "34639900"]
[EventCountry "GER"]
[EventRounds "7"]
[EventType "team-swiss"]
[EventDate "2022.12.26"]

1. e4 e6 2. Nc3 d5 3. exd5 exd5 4. Nf3 Nf6 5. Be2 Bc5 6. d4 Bb4 7. O-O O-O 8.
Bg5 h6 9. Bxf6 Qxf6 10. Ne5 Nd7 11. a3 Bd6 12. Nxd5 Qg5 13. f4 Qd8 14. Bh5 Nxe5
15. fxe5 Be7 16. Qf3 Be6 17. Nf6 Bxf6 18. exf6 Qxf6 19. Qxf6 gxf6 20. Rxf6 Rfd8
21. Rxh6 Rxd4 22. Re1 Re8 23. Re5 Kg7 24. Bxf7 Bxf7 25. Rxe8 Bxe8 26. Rh3 Bd7
27. Rg3 Rg4 28. Rc3 Bc6 29. h3 Rxg2 30. Kf1 Rg5 31. h4 Rg4 32. h5 Rh4 33. Rc5
Kh6 34. Ke2 Rxh5 35. Rxh5 Kxh5 36. c3 Kg5 37. Kd3 Kf5 38. Kd4 Ke6 39. b4 b6 40.
a4 Bxa4 41. c4 a5 42. c5 axb4 43. cxb6 cxb6 44. Kc4 b3 45. Kc3 Kd5 46. Kb4 b2
47. Kxa4 b1=Q 48. Ka3 Kc4 49. Ka4 Qb4# 0-1

[Event "DVM U12w 2022"]
[Site "Berlin GER"]
[Date "2022.12.29"]
[Round "6"]
[White "Pogorzelczyk, Lena"]
[Black "Polster, Martha"]
[Result "0-1"]
[Termination "normal"]
[Board "9.1"]
[WhiteElo "942"]
[BlackElo "1017"]
[WhiteTeam "SV Heiden 62 e. V."]
[BlackTeam "SchVgg Blankenese von 1923 e.V."]
[PlyCount "34"]
[WhiteFideId "34607439"]
[BlackFideId "34639845"]
[EventCountry "GER"]
[EventRounds "7"]
[EventType "team-swiss"]
[EventDate "2022.12.26"]

1. e4 e5 2. Nf3 Nc6 3. Bc4 Nf6 4. Ng5 d5 5. exd5 Bg4 6. f3 Bc8 7. Nc3 h6 8.
Nge4 Nb4 9. a3 Nxe4 10. fxe4 h5 11. axb4 Bg4 12. Ne2 Bxb4 13. h3 Qh4 14. Kf1
Bc5 15. Qe1 Qf6 16. Nf4 Qxf4 17. Qf2 Qxf2# 0-1

[Event "DVM U12w 2022"]
[Site "Berlin GER"]
[Date "2022.12.29"]
[Round "6"]
[White "Fettan, Nua"]
[Black "Franzen, Karoline"]
[Result "1-0"]
[Termination "normal"]
[Board "9.2"]
[WhiteElo "1103"]
[BlackElo "881"]
[WhiteTeam "SchVgg Blankenese von 1923 e.V."]
[BlackTeam "SV Heiden 62 e. V."]
[PlyCount "31"]
[WhiteFideId "34637362"]
[BlackFideId "34639667"]
[EventCountry "GER"]
[EventRounds "7"]
[EventType "team-swiss"]
[EventDate "2022.12.26"]

1. e4 e5 2. Nf3 Nc6 3. Nc3 Nf6 4. d4 d6 5. d5 Ne7 6. Bc4 g6 7. O-O Bg7 8. Bg5
O-O 9. Qd2 h6 10. Bxh6 Bxh6 11. Qxh6 Bg4 12. Be2 Qd7 13. Qg5 Nh7 14. Qh4 g5 15.
Nxg5 Bxe2 16. Qxh7# 1-0